ბათუმის შოთა რუსთაველის სახელმწიფო უნივერსიტეტის ბიბლიოთეკა

ხალხოსნური მოძრაობა საქართველოში (ბიბ.ჩანაწერი № 50272)

000 -LEADER
fixed length control field 00763nam a2200205Ia 4500
001 - CONTROL NUMBER
control field 17211
003 - CONTROL NUMBER IDENTIFIER
control field GE_BSU
008 - FIXED-LENGTH DATA ELEMENTS--GENERAL INFORMATION
fixed length control field 181216s||||||||xx |||||||||||||| ||und||
040 ## - CATALOGING SOURCE
Transcribing agency GE_BSU
080 ## - UNIVERSAL DECIMAL CLASSIFICATION NUMBER
Universal Decimal Classification number 94(479.22)"1879-1894" + 821.353.1-94
100 ## - MAIN ENTRY--PERSONAL NAME
Personal name დავითაშვილი, შიო
245 ## - TITLE STATEMENT
Title ხალხოსნური მოძრაობა საქართველოში
245 ## - TITLE STATEMENT
Remainder of title მოგონებანი
260 ## - PUBLICATION, DISTRIBUTION, ETC.
Place of publication, distribution, etc. ტფილისი
260 ## - PUBLICATION, DISTRIBUTION, ETC.
Name of publisher, distributor, etc. პოლიტ-კატორღელთა საზ-ბის გამ-მა
260 ## - PUBLICATION, DISTRIBUTION, ETC.
Date of publication, distribution, etc. 1933
300 ## - PHYSICAL DESCRIPTION
Extent 122გვ. ; 18სმ
653 ## - INDEX TERM--UNCONTROLLED
Uncontrolled term ხალხოსნური მოძრაობა საქართველოში
942 ## - ADDED ENTRY ELEMENTS (KOHA)
Koha item type წიგნი
ეგზემპლარები
Withdrawn status Lost status Damaged status Not for loan Date acquired Barcode Date last seen Price effective from Koha item type
        2018-12-17 21999 2018-12-17 2018-12-17 წიგნი